[Event "45th Sitges Open 2019"]
[Site "Sitges"]
[Date "2019.07.28"]
[Round "7.7"]
[White "Della Morte, Pablo"]
[Black "Sturt, Raven"]
[Result "0-1"]
[WhiteElo "2289"]
[BlackElo "2429"]
[Annotator "TA"]
[PlyCount "84"]
[EventDate "2019.07.21"]
[EventType "swiss"]
[EventCountry "ESP"]
[SourceTitle "playchess.com"]
[Source "ChessBase"]
[SourceQuality "1"]

{[%evp 26,94,21,22,16,22,21,18,26,28,11,21,50,0,98,96,78,39,50,31,37,27,45,35,39,32,28,14,52,44,83,78,83,10,14,12,19,0,0,0,0,-68,-58,-72,-80,-119,-115,-107,-111,-712,-712,-689,-689,-662,-655,-825,-814,-973,-928,-919,-906,-1084,-924,-29983,-29984,-29984,-29985,-29985,-29986,-29986,-29986]} 1. e4 e6 2. d4 d5 3. Nd2 Nf6 4. e5 Nfd7 5. Bd3 c5 6. c3 Nc6 7. Ne2 cxd4 8. cxd4 f6 9. exf6 Nxf6 10. Nf3 Bd6 11. O-O O-O 12. Bf4 Bxf4 13. Nxf4 Ng4 14. g3 g5 $1 {[%cal Rg5f4] C06: French Tarrasch: 3...Nf6 4 e5 Nfd7 5 Bd3 main lines} 15. Ng2 (15. Nh3 e5 16. dxe5 h6 17. Re1 Kg7 18. Bb5 Ne7 19. e6 Nf6 20. Nd4 Qb6 21. Rc1 Ne4 22. Kg2 {1-0 (73) Bocharov,I (2565)-Volkov,S (2547) Kazan 2018}) 15... e5 16. dxe5 Ngxe5 {The position is equal.} 17. Nxe5 Nxe5 18. Be2 Be6 19. f4 $146 ({Predecessor:} 19. Qd2 Nc6 20. Rad1 d4 21. b3 Kh8 22. f4 {1-0 (41) Low,G-Kaminik,A (2179) Bad Wiessee 1999}) 19... Nc6 (19... Qb6+ $11 {keeps the balance.} 20. Kh1 gxf4) 20. Bg4 $16 Bf7 21. fxg5 Qxg5 22. Rf5 Qg7 23. Qd2 Kh8 24. Rg5 Qd4+ 25. Qxd4+ Nxd4 26. Nf4 Rae8 27. Rf1 Nc2 {[#]} 28. Bh5 $1 ({Don't go for} 28. Nxd5 $2 Bxd5 29. Rxf8+ Rxf8 $19) 28... d4 29. Bxf7 ({Better is} 29. Rc1 $16 Re1+ 30. Rxe1 Nxe1 31. Re5 Bxh5 32. Rxh5 (32. Rxe1 $2 Rxf4 33. Re5 d3 $19)) 29... Rxf7 $11 30. Rc5 Ne3 31. Rfc1 Kg7 32. h3 Nf5 33. Nh5+ (33. Kf2 $11) 33... Kh6 $1 $15 34. Rf1 Ref8 ({Much worse is} 34... Kxh5 35. Rfxf5+ Rxf5 36. Rxf5+ Kg6 37. Rd5 $11) 35. g4 {And now Nf4 would win.} Ne3 {[%mdl 64] [#] Discovered Attack} 36. Rxf7 Rxf7 37. Nf6 $2 {[%mdl 8192]} (37. Rc8 $17) 37... Rxf6 $19 {[%mdl 4096] Endgame KRN-KR} 38. g5+ Kg6 39. gxf6 {aiming for Rc7. KR-KN} d3 {Threatens to win with ...d2.} 40. Kf2 d2 41. Kxe3 d1=Q {Hoping for ...Qg1+. KQ-KR} 42. Rc3 Qe1+ {Played: Qd1-b1} 0-1

[Event "45th Sitges Open 2019"]
[Site "Sitges"]
[Date "2019.07.28"]
[Round "7.8"]
[White "Oliva Castaneda, Kevel"]
[Black "Gonzalez Rodriguez, Jorge A."]
[Result "1-0"]
[WhiteElo "2467"]
[BlackElo "2201"]
[Annotator "TA"]
[PlyCount "179"]
[EventDate "2019.07.21"]
[EventType "swiss"]
[EventCountry "ESP"]
[SourceTitle "playchess.com"]
[Source "ChessBase"]
[SourceQuality "1"]

{[%evp 13,179,30,41,39,37,36,60,68,73,58,85,59,87,68,64,52,58,57,59,69,66,60,68,68,66,48,85,87,93,69,96,92,96,46,104,72,99,93,97,21,53,47,64,72,106,92,112,54,116,118,123,123,118,116,196,106,119,103,97,98,114,112,115,85,89,85,117,71,79,65,116,85,158,158,164,54,61,61,112,50,36,0,102,0,122,122,122,122,122,122,122,130,114,53,72,61,180,180,180,180,180,180,205,180,180,189,199,200,216,216,206,188,365,365,351,369,391,384,373,374,410,405,379,355,513,476,462,441,435,429,533,441,638,614,448,428,418,421,839,827,2060,2092,2131,4133,2094,1762,29978,29979,29979,29980,29980,29981,29981,29982,29982,29982,29988,29989,29990,29991,29992,29993,29993,29994,29995,29996,29996,29996]} 1. Nf3 Nf6 2. c4 g6 3. Nc3 Bg7 4. e4 O-O 5. d4 d6 6. h3 Na6 7. Be3 c5 8. d5 {E90: King's Indian: Classical: Early deviations and 6 h3} (8. Be2 cxd4 9. Nxd4 Nc5 10. Qc2 b6 11. O-O Bb7 12. Bf3 Rc8 13. Rad1 Qc7 14. b3 Qb8 15. Rfe1 Rfe8 {½-½ (59) Bluebaum,M (2634)-Carlsen,M (2838) Karlsruhe/Baden-Baden 2017}) 8... Nc7 9. Bd3 a6 10. a4 {White is slightly better.} b6 11. Qd2 Nd7 $146 ({Predecessor:} 11... Bd7 12. e5 Nfe8 13. Bh6 b5 14. h4 bxc4 15. Bxc4 Bf5 {½-½ (70) Schleining,Z (2382)-Batyte,D (2165) Stary Smokovec 2018}) 12. Bh6 f6 13. Bxg7 Kxg7 14. Be2 Ne5 15. Nh2 Nf7 16. f4 Rb8 17. O-O g5 18. fxg5 Nxg5 19. Bg4 Nf7 20. Bxc8 Qxc8 21. Ng4 Ne8 22. Ne2 Kh8 23. Ra3 Rg8 (23... b5 $14) 24. Nf4 Qd7 25. Qc2 Nc7 26. Raf3 (26. Qf2 $16) 26... Rg5 27. Nd3 Rbg8 28. b3 a5 29. Rf5 Ne8 30. Qf2 (30. R1f2 $16) 30... Rxf5 (30... Ne5 $14 31. Rxg5 Rxg5 32. Ndxe5 dxe5) 31. exf5 $16 (31. Qxf5 $6 Qxf5 32. Rxf5 (32. exf5 Ne5 $11) 32... Ne5 $11) 31... Ne5 32. Qe2 Rg5 33. Qe4 ({Of course not} 33. Ngxe5 $6 dxe5 34. g4 Nd6 $11) 33... Qd8 (33... Nc7 $16) 34. Nf4 (34. Ngxe5 dxe5 35. Qh4 Rg8 $11) (34. Nh6 $1 $18 {Nxe5 is the strong threat.} Rg7 35. g4) 34... Nc7 35. Ne3 Qf8 36. g4 Qh6 37. Neg2 Rg8 38. Kf2 Na6 39. Kg3 Nb8 40. Ne3 Nbd7 41. Rh1 Qf8 (41... Kg7 $14) 42. Kf2 Nf7 (42... Qh6 $142) 43. h4 Nde5 44. Ke2 (44. Ne6 $18 Qe8 45. Rg1) 44... Qh6 $1 $14 45. Rg1 Rg7 ({Not} 45... Qxh4 $2 46. Rh1 $18) ({Black should try} 45... Re8 $14) 46. Nfg2 (46. Ne6 $16) 46... Rg8 47. Nf4 (47. Rf1 $14) 47... Rg7 $1 $16 ({Avoid the trap} 47... Qxh4 $2 48. Rh1 $18) 48. Kf1 ({White should play} 48. Ne6 $16) 48... Qxh4 (48... Rg8 $1 $11 {remains equal.}) 49. Rh1 Qg3 50. Nh5 $1 {[%csl LRg3,LRg7][%mdl 64] Double Attack} Qf3+ 51. Qxf3 Nxf3 52. Nxg7 Kxg7 {[%mdl 4096] Endgame KRN-KNN} 53. Kf2 (53. Ke2 $16 N7e5 54. Nc2) 53... Nd4 $14 54. Rb1 Ng5 (54... Kh6 $14) 55. Ng2 $1 $18 Nf7 56. Nf4 Ne5 {[#]} 57. Kg3 $1 Nc2 58. Ne6+ Kg8 59. g5 fxg5 60. Nxg5 Nd4 {[#]} 61. f6 $1 {[%mdl 512]} exf6 62. Ne4 {[%mdl 64] Double Attack} Nf7 $2 (62... Kf7 63. Nxd6+ Ke7) 63. Nxf6+ Kg7 64. Nd7 Kg6 65. Nxb6 Kg5 66. Nc8 h5 67. Rf1 Nf5+ 68. Kh3 N7h6 (68... Kg6 $142 69. Re1 Ng5+ 70. Kg2 Kf6) 69. Re1 Nf7 70. Ne7 Nd4 71. Rg1+ Kf4 72. Rg6 {Strongly threatening Rf6+.} Ng5+ (72... Ke4 $142 73. Rf6 Ne5) 73. Kh4 {[%mdl 64] Threatens to win with Rf6+. Double Attack} Ne4 74. Kxh5 Nxb3 {and the idea ...Nbd2 leaves Black hopeful.} 75. Nc8 Ke5 (75... Nbd2 $142 76. Nxd6 Nxd6) 76. Re6+ Kd4 77. Nxd6 Nxd6 78. Rxd6 {KR-KN} Nd2 79. Ra6 Nxc4 80. d6 {White mates.} Ne5 81. d7 {[%mdl 64] Decoy} Nxd7 82. Rd6+ {[%mdl 64] Double Attack} Kc4 83. Rxd7 {KR-KPP} Kb4 84. Rb7+ Kxa4 85. Kg4 Ka3 86. Kf3 a4 87. Ke3 Ka2 88. Kd2 a3 89. Kc2 Ka1 {[#]} 90. Rb3 {Played: Rb7-a7} 1-0

[Event "45th Sitges Open 2019"]
[Site "Sitges"]
[Date "2019.07.29"]
[Round "8.1"]
[White "Guliyev, Namig"]
[Black "Munoz, Miguel"]
[Result "1/2-1/2"]
[WhiteElo "2551"]
[BlackElo "2511"]
[Annotator "TA"]
[PlyCount "47"]
[EventDate "2019.07.21"]
[EventType "swiss"]
[EventCountry "ESP"]
[SourceTitle "playchess.com"]
[Source "ChessBase"]
[SourceQuality "1"]

{[%evp 9,47,36,71,28,31,29,42,33,23,11,21,22,42,35,48,37,54,37,72,60,146,153,153,159,162,162,155,161,145,153,172,104,104,110,96,64,97,75,87,50]} 1. e4 d5 2. exd5 Qxd5 3. Nc3 Qd6 4. d4 Nf6 5. Nf3 Bf5 (5... Bg4 6. h3 Bh5 7. g4 Bg6 8. Ne5 Nbd7 9. Bf4 Nxe5 10. Bxe5 Qb6 11. Qf3 O-O-O 12. O-O-O e6 13. Bd3 Bb4 14. Bxg6 hxg6 {½-½ (55) Caruana,F (2828)-Moranda,W (2593) chess.com INT 2019}) 6. Bd3 {B01: Scandinavian Defence} (6. Ne5 {is interesting.} a6 7. Nc4 Qd8 8. Bg5 Bg6 9. Ne5) 6... Bxd3 7. Qxd3 e6 8. Nb5 $146 {White is slightly better.} ({Predecessor:} 8. O-O Be7 9. Bg5 Nbd7 10. Nb5 Qb6 11. c4 c6 12. Nc3 O-O 13. c5 {½-½ (53) Kofidis,A (2330)-Nikas,N (1838) Athens 2018}) 8... Qb6 9. c4 Bb4+ 10. Nc3 Be7 11. O-O $36 {[%mdl 2048] White is more active.} O-O 12. Bf4 Rd8 13. Qe2 Nc6 14. Rad1 Nxd4 (14... Bf8 $14) 15. Nxd4 $16 Rxd4 {[#]} 16. Na4 $1 {[%cal Ra4b6]} Rxd1 17. Nxb6 Rxf1+ 18. Kxf1 axb6 19. Bxc7 Rxa2 {[#] Threatens to win with ...Ra1+.} 20. g4 (20. Qf3 $18) 20... b5 21. cxb5 Nd5 22. b6 Ra1+ 23. Kg2 Rc1 24. Qb5 {Accuracy: White = 57%, Black = 70%.} 1/2-1/2

[Event "45th Sitges Open 2019"]
[Site "Sitges"]
[Date "2019.07.29"]
[Round "8.2"]
[White "Harikrishnan.A.Ra"]
[Black "Berdayes Ason, Dylan Isidro"]
[Result "1/2-1/2"]
[WhiteElo "2401"]
[BlackElo "2461"]
[Annotator "ChessBase"]
[PlyCount "46"]
[EventDate "2019.07.21"]
[EventType "swiss"]
[EventCountry "ESP"]
[SourceTitle "playchess.com"]
[Source "ChessBase"]
[SourceQuality "1"]
[TimeControl "40/5400+30:1800+30"]

1. e4 {[%emt 0:00:00]} c5 {[%emt 0:04:02]} 2. Nf3 {[%emt 0:00:00]} Nc6 {[%emt 0:00:26]} 3. d4 {[%emt 0:00:00]} cxd4 {[%emt 0:00:02]} 4. Nxd4 {[%emt 0:00:04]} Nf6 {[%emt 0:00:05]} 5. Nc3 {[%emt 0:00:03]} d6 {[%emt 0:00:05]} 6. Bc4 {[%emt 0:00:13]} Bd7 {[%emt 0:00:47]} 7. Be3 {[%emt 0:01:28]} Ng4 {[%emt 0:00:07]} 8. Nxc6 {[%emt 0:06:29]} bxc6 {[%emt 0:00:19]} 9. Bc1 {[%emt 0:00:51]} g6 {[%emt 0:00:58]} 10. h3 {[%emt 0:00:48]} Nf6 {[%emt 0:00:09]} 11. O-O {[%emt 0:00:40]} Bg7 {[%emt 0:00:02]} 12. Be3 {[%emt 0:05:42]} O-O {[%emt 0:00:23]} 13. Qd2 {[%emt 0:02:18]} Qc7 {[%emt 0:01:25]} 14. Bh6 {[%emt 0:02:52]} Rab8 {[%emt 0:01:11]} 15. Bxg7 {[%emt 0:00:19]} Kxg7 {[%emt 0:00:06]} 16. b3 {[%emt 0:00:50]} Rbd8 {[%emt 0:06:01]} 17. Rad1 {[%emt 0:01:24]} Bc8 {[%emt 0:03:11]} 18. Rfe1 {[%emt 0:03:03]} e5 {[%emt 0:16:05]} 19. f4 {[%emt 0:12:59]} Nh5 {[%emt 0:10:22]} 20. fxe5 {[%emt 0:03:33]} dxe5 {[%emt 0:00:03]} 21. Qf2 {[%emt 0:00:55]} Qe7 {[%emt 0:01:22]} 22. Ne2 {[%emt 0:01:54]} Nf6 {[%emt 0:04:43]} 23. Ng3 {[%emt 0:04:03]} c5 {[%emt 0:15:17]} 1/2-1/2

[Event "45th Sitges Open 2019"]
[Site "Sitges"]
[Date "2019.07.29"]
[Round "8.3"]
[White "Volkov, Sergey"]
[Black "Oliva Castaneda, Kevel"]
[Result "1-0"]
[WhiteElo "2548"]
[BlackElo "2467"]
[Annotator "TA"]
[PlyCount "80"]
[EventDate "2019.07.21"]
[EventType "swiss"]
[EventCountry "ESP"]
[SourceTitle "playchess.com"]
[Source "ChessBase"]
[SourceQuality "1"]

{[%evp 14,80,18,16,19,10,24,13,32,20,14,5,7,7,0,3,23,7,36,31,51,37,33,43,41,33,28,30,60,56,76,83,108,96,95,89,95,95,85,78,77,65,117,121,135,110,135,128,131,120,168,102,191,184,295,199,386,389,387,382,392,377,386,364,578,571,551,564,546]} 1. d4 d5 2. c4 e6 3. Nc3 Nf6 4. Bg5 Be7 5. e3 h6 6. Bh4 O-O 7. Nf3 Nbd7 8. Rc1 c5 {D63: Queen's Gambit Declined: Classical: 7 Rc1} 9. dxc5 {[%cal Rc4d5]} dxc4 (9... Nxc5 10. cxd5 g5 11. Bg3 Nxd5 12. Nxd5 Qxd5 13. Qxd5 exd5 14. Nd4 Bd7 15. Be2 Rac8 16. O-O {½-½ (31) Ivanchuk,V (2710)-Yu,Y (2765) Batumi 2018}) 10. c6 bxc6 {The position is equal.} 11. Bxc4 Nb6 12. Qxd8 Rxd8 13. Be2 Bb7 14. Ne5 c5 {[#]} 15. f3 $146 ({Predecessor:} 15. Bf3 Bxf3 16. Nxf3 {1-0 (53) Stern,R (2531)-Souleidis,G (2424) Germany 2019}) 15... Nfd5 (15... Rac8 {with more complications.} 16. e4 g5 17. Bf2 Nh5 18. Bf1 f5) 16. Bxe7 Nxe7 17. Kf2 f6 18. Nd3 $1 Rac8 19. Rhd1 c4 20. Nb4 e5 21. e4 a5 22. Nc2 Nc6 23. Nd5 Na4 24. Rb1 ({But not} 24. Bxc4 $6 Nxb2 25. Ne7+ Kh7 $11) 24... Kf8 25. Bxc4 Ne7 {[#] aiming for ...Bxd5.} 26. Nce3 Bxd5 27. Bxd5 Rb8 (27... Nxd5 $14 28. exd5 (28. Rxd5 Rxd5 29. exd5 Ke7 $14) 28... Rc5) 28. Bb3 $16 Nc5 29. Rxd8+ Rxd8 30. Bc4 Nc6 31. Rd1 Rb8 32. Rd2 (32. b3 $18) 32... Rb4 (32... Nd4 $16) 33. b3 $18 {[%cal Bb2b3,Bb3b4][%mdl 32]} a4 (33... Rb7 $142 34. Rd6 Rc7) 34. a3 Rb8 $2 {[#]} (34... Rxb3 35. Bxb3 axb3) 35. b4 $1 Nb3 36. Rd7 Ne7 37. Ra7 Nd4 38. Rxa4 g5 (38... Ke8 {was called for.} 39. Ra6 Kd7 40. Ra7+ Kd8) 39. Ra6 Kg7 40. Ra7 Kf8 {Accuracy: White = 78%, Black = 38%.} 1-0

[Event "45th Sitges Open 2019"]
[Site "Sitges"]
[Date "2019.07.29"]
[Round "8.4"]
[White "Gaprindashvili, Valeriane"]
[Black "Baklan, Vladimir"]
[Result "1/2-1/2"]
[WhiteElo "2368"]
[BlackElo "2621"]
[Annotator "TA"]
[PlyCount "84"]
[EventDate "2019.07.21"]
[EventType "swiss"]
[EventCountry "ESP"]
[SourceTitle "playchess.com"]
[Source "ChessBase"]
[SourceQuality "1"]

{[%evp 21,84,12,20,18,39,18,24,10,19,-11,-15,-15,10,11,11,8,5,0,0,0,0,0,0,0,3,6,35,0,0,0,0,-8,-8,-56,-69,-68,-76,-47,-70,-67,-60,-54,-8,-8,-7,-152,-5,-16,0,0,0,0,0,0,7,0,8,8,8,3,4,0,0,0,0]} 1. d4 Nf6 2. c4 g6 3. Nf3 Bg7 4. g3 O-O 5. Bg2 d6 6. O-O c6 7. Nc3 Bf5 8. Nh4 Be6 9. d5 cxd5 10. cxd5 Bd7 11. Be3 Na6 12. Bd4 {E62: King's Indian: Fianchetto: 6...c6 and Panno Variation (6...Nc6) without ...a6} Nc7 13. a4 e5 14. dxe6 $1 {White has an edge.} Nxe6 {[#]} 15. Bxb7 $146 {Black must now prevent Bxf6.} ({Predecessor:} 15. Nf3 Bc6 16. h3 Re8 17. e3 Qd7 18. Kh2 b6 19. b4 Rac8 20. Rc1 {½-½ (20) Dautov,R (2601)-Baklan,V (2636) Magdeburg 2014}) 15... Rb8 16. Bg2 Nxd4 17. Qxd4 {[%mdl 64] [#] Double Attack} a5 18. Qxd6 Rxb2 19. Rab1 Qb8 20. Qa6 Rxb1 21. Rxb1 Qc7 22. Qd3 Rd8 23. Nb5 Qb6 24. Rd1 Rb8 25. Nf3 Bxb5 26. axb5 Qxb5 27. Qc2 Nd5 {Hoping for ...Nc3.} 28. Nd4 Bxd4 $1 29. Rxd4 Qb1+ 30. Qxb1 $1 Rxb1+ $15 {[%mdl 4096] Endgame KRB-KRN} 31. Bf1 Nc3 {[#] Threatens to win with ...Nxe2+.} 32. Rc4 Rc1 33. Rc8+ Kg7 {Strongly threatening ...Nxe2+.} 34. Kg2 {The position is equal.} Nxe2 35. Ra8 Nd4 36. Rxa5 h5 37. h4 Rc2 38. Re5 f5 39. Rd5 {aiming for Rd7+.} Ne6 40. Bd3 Rc3 41. Be2 Kf6 42. Rd3 Rxd3 {Accuracy: White = 62%, Black = 79%.} 1/2-1/2

[Event "45th Sitges Open 2019"]
[Site "Sitges"]
[Date "2019.07.29"]
[Round "8.5"]
[White "Sturt, Raven"]
[Black "Valderrama Quiceno, Esteban Alb"]
[Result "1-0"]
[WhiteElo "2429"]
[BlackElo "2423"]
[Annotator "NA"]
[PlyCount "59"]
[EventDate "2019.07.21"]
[EventType "swiss"]
[EventCountry "ESP"]
[SourceTitle "playchess.com"]
[Source "ChessBase"]
[SourceQuality "1"]
[TimeControl "40/5400+30:1800+30"]

1. d4 {[%emt 0:00:00]} d5 {[%emt 0:03:23]} 2. Nf3 {[%emt 0:00:58]} Nf6 {[%emt 0:00:46]} 3. Bf4 {[%emt 0:00:14]} c5 {[%emt 0:23:59]} 4. e3 {[%emt 0:00:39]} Nc6 {[%emt 0:09:06]} 5. Nbd2 {[%emt 0:00:17]} Qb6 {[%emt 0:03:00]} 6. dxc5 {[%emt 0:00:07]} Qxb2 {[%emt 0:06:42]} 7. Rb1 {[%emt 0:00:18]} Qc3 {[%emt 0:04:40]} 8. Bb5 {[%emt 0:01:51]} e6 {[%emt 0:12:01]} 9. O-O {[%emt 0:08:32]} Qxc5 {[%emt 0:24:22]} 10. c4 {[%emt 0:07:34]} Be7 {[%emt 0:01:22]} 11. Nb3 {[%emt 0:04:20]} Qa3 {[%emt 0:01:29]} 12. Ne5 {[%emt 0:00:31]} O-O {[%emt 0:02:25]} 13. Nxc6 {[%emt 0:08:51]} bxc6 {[%emt 0:00:01]} 14. Bxc6 {[%emt 0:00:05]} Ba6 {[%emt 0:00:06]} 15. Bxa8 Rxa8 {[%emt 0:00:00]} 16. Qc2 {[%emt 0:16:19]} dxc4 {[%emt 0:00:25]} 17. Nd4 {[%emt 0:00:08]} Nd5 {[%emt 0:00:11]} 18. Nc6 {[%emt 0:02:32]} Bf8 {[%emt 0:00:54]} 19. Nb8 {[%emt 0:02:22]} c3 {[%emt 0:00:26]} 20. Rb3 Qa4 {[%emt 0:00:37]} 21. Nxa6 {[%emt 0:07:48]} Qxa6 {[%emt 0:00:01]} 22. Rb8 {[%emt 0:00:12]} Rxb8 {[%emt 0:00:58]} 23. Bxb8 {[%emt 0:00:02]} Qc4 {[%emt 0:01:51]} 24. Rc1 {[%emt 0:07:46]} Ba3 {[%emt 0:00:32]} 25. Rd1 {[%emt 0:00:01]} h5 {[%emt 0:01:50]} 26. Be5 {[%emt 0:02:32]} Bb2 {[%emt 0:00:55]} 27. e4 {[%emt 0:01:04]} Nb4 {[%emt 0:00:26]} 28. Rd8+ {[%emt 0:00:01]} Kh7 {[%emt 0:00:01]} 29. Qd1 {[%emt 0:00:07]} Kg6 {[%emt 0:01:18]} 30. Rh8 {[%emt 0:00:10]} 1-0

[Event "45th Sitges Open 2019"]
[Site "Sitges"]
[Date "2019.07.29"]
[Round "8.6"]
[White "Lacasa Diaz, Jose Antonio"]
[Black "Beltran Rueda, Santiago"]
[Result "1/2-1/2"]
[WhiteElo "2391"]
[BlackElo "2326"]
[Annotator "NA"]
[PlyCount "23"]
[EventDate "2019.07.21"]
[EventType "swiss"]
[EventCountry "ESP"]
[SourceTitle "playchess.com"]
[Source "ChessBase"]
[SourceQuality "1"]
[TimeControl "40/5400+30:1800+30"]

1. Nf3 {[%emt 0:03:40]} d5 {[%emt 0:00:35]} 2. b3 {[%emt 0:01:13]} Bg4 {[%emt 0:06:20]} 3. Bb2 {[%emt 0:02:27]} Bxf3 {[%emt 0:02:04]} 4. exf3 {[%emt 0:00:08]} e6 {[%emt 0:01:56]} 5. g3 {[%emt 0:00:21]} Nf6 {[%emt 0:00:42]} 6. Bg2 {[%emt 0:00:11]} Bd6 {[%emt 0:01:26]} 7. f4 {[%emt 0:01:19]} O-O {[%emt 0:00:21]} 8. O-O {[%emt 0:00:41]} Nbd7 {[%emt 0:02:56]} 9. d3 {[%emt 0:03:51]} c6 {[%emt 0:02:12]} 10. Nd2 {[%emt 0:01:32]} e5 {[%emt 0:06:37]} 11. fxe5 {[%emt 0:01:37]} Bxe5 {[%emt 0:00:08]} 12. Bxe5 {[%emt 0:01:45]} 1/2-1/2

[Event "45th Sitges Open 2019"]
[Site "Sitges"]
[Date "2019.07.29"]
[Round "8.7"]
[White "Sreeshwan Maralakshikari"]
[Black "Lopez Gonzalez, Abel Fabian"]
[Result "1/2-1/2"]
[WhiteElo "2461"]
[BlackElo "2355"]
[Annotator "TA"]
[PlyCount "87"]
[EventDate "2019.07.21"]
[EventType "swiss"]
[EventCountry "ESP"]
[SourceTitle "playchess.com"]
[Source "ChessBase"]
[SourceQuality "1"]

{[%evp 22,87,30,24,28,24,33,16,9,8,55,28,25,26,22,16,27,20,21,25,45,46,35,31,45,0,0,0,31,28,47,8,53,24,17,0,0,0,0,0,6,0,0,0,0,0,0,0,0,0,0,0,0,0,0,0,0,-446,0,-431,-416,-391,0,0,0,-344,0,-29998]} 1. d4 d5 2. c4 e6 3. Nc3 c5 4. cxd5 exd5 5. Nf3 Nc6 6. g3 Nf6 7. Bg2 Be7 8. O-O O-O 9. dxc5 Bxc5 10. Na4 Be7 11. Be3 Bg4 12. Rc1 Qd7 {D34: Tarrasch Defence: 6 g3 Nf6 7 Bg2 Be7} 13. Nc5 Bxc5 14. Bxc5 Rfe8 15. Re1 {[#]} Bxf3 $146 ({Predecessor:} 15... Rad8 16. Nd4 Rc8 17. Nxc6 bxc6 18. Bd4 Qe6 19. Qc2 Bf5 20. Qa4 Ne4 21. b4 {1-0 (45) Roiz,M (2600)-Demuth,A (2545) Berlin 2015}) 16. Bxf3 Ne4 17. Bd4 Rad8 18. Bg2 Qf5 19. Qd3 h5 20. Red1 Re6 21. Qf3 Qg6 22. Qf4 Rde8 23. f3 (23. h4 {feels hotter.} b5 24. Bc5 Rf6 25. Qe3 Rf5 26. Qb3) 23... Nxd4 24. Rxd4 {[%mdl 64] [#] Double Attack} Nf6 (24... Rf6 {is more complex.} 25. Qc7 Nd6 26. Rcd1 Rxe2 27. Rxd5 Ne8) 25. Bf1 Rc6 26. Rb4 h4 27. Rxc6 (27. g4 $5 {[%cal Rb4b7]}) 27... bxc6 28. g4 Qc2 29. Rb8 Qc5+ 30. e3 $1 Kf8 31. Bd3 Rxb8 32. Qxb8+ Ne8 33. Kf2 g5 34. f4 d4 35. Qe5 dxe3+ 36. Kf3 Qc1 37. fxg5 Qe1 $1 {[%cal Re1f2] Threatens to win with ...Qf2+.} 38. Qc5+ Kg8 39. Qe7 $2 {[%mdl 8192]} (39. Qc2 $11 {and White is okay.}) 39... Qf2+ $19 {[%mdl 64] [#] Double Attack} 40. Ke4 e2 41. Qxe8+ Kg7 $2 ({Black should try} 41... Kh7 $19 42. g6+ fxg6 43. Qe7+ Kh6 44. g5+ Kh5 45. Qh7+ Kxg5 46. Bxe2 Qxe2+ {[%mdl 64] Double Attack} 47. Kd4 Qxb2+ 48. Ke3 Qe5+ 49. Kd3 a5) 42. Qe5+ $11 Kg8 $2 {[%mdl 8192]} (42... Kh7 $11 43. Bxe2 Qxe2+ {[%mdl 64] Double Attack} 44. Kf5 Qf3+ 45. Qf4 Qd5+ {[%mdl 64] Double Attack} 46. Qe5 Qf3+ 47. Qf4 Qd5+ {[%mdl 64] Double Attack} 48. Qe5 Qf3+) 43. Qe8+ $19 Kg7 $2 (43... Kh7 $19 44. g6+ fxg6 45. Qe7+ Kh6 46. g5+ Kh5 47. Qh7+ Kxg5 48. Bxe2 Qxe2+ {[%mdl 64] Double Attack} 49. Kd4 Qxb2+ 50. Ke4 Qxh2 51. Qe7+ Kh5 52. Qh7+ Kg5 53. Qe7+ Kh5 54. Qh7+ Kg5) 44. Qb8 $2 {[%mdl 40960] Accuracy: White = 63%, Black = 63%. . An unexpected result.} (44. Qe5+ $11 Kg8 45. Qb8+ Kg7 46. Qe5+) 1/2-1/2